| 000 | 00730nam a2200217Ia 4500 | ||
|---|---|---|---|
| 005 | 20251208100815.0 | ||
| 008 | 210716s2003 xx 000 0 und d | ||
| 020 | _a8126504412 | ||
| 040 | _cAIMIT LIBRARY | ||
| 041 | _aeng | ||
| 082 |
_a005.762 _21 _bRUDO |
||
| 100 |
_aRud, Olivia Parr. _947029 |
||
| 245 |
_aData mining : _bmodeling data for marketing risk and customer relationship management / _cBy Olivia Parr Rud. |
||
| 250 | _a1st ed. | ||
| 260 |
_aNew Delhi : _bWiley Dreamtech Pvt Ltd , _c2003. |
||
| 300 |
_axxiv, 365p. ; _c23.5 cm. _bPB |
||
| 650 |
_aPlanning the menu _947030 |
||
| 650 |
_aThe cooking demonstration _947031 |
||
| 650 |
_aRecipes for every occasion _947032 |
||
| 942 |
_2ddc _cBK _e1st _k005.762 RUDO |
||
| 999 |
_c186770 _d186770 |
||